000 00670nam a2200253Ia 4500
003 OSt
005 20221007075731.0
006 a|||||r|||| 00| 0
007 ta
008 221006b |||||||| |||| 00| 0 eng d
020 _a0195667271
_cRs. 695/-
024 _a9,168
037 _cTextual
040 _aFLL
_cFLL
_beng
041 _2eng
_aeng
082 _aZb4, P4
100 _aSrivastava Vinay Kumar
_914273
245 0 _aMethodology and fieldwork
250 _a1st
260 _aNew Delhi
_bOxford University Press India
_c2004
300 _ax,500p
_ccm.
942 _hZb4, P4
_cTEXL
_2CC
999 _c1157169
_d1157169